De Ibsen a Genet la rebelión en el teatro (Registro nro. 42445)
[ vista simple ]
| 000 -ENCABEZADO | |
|---|---|
| Número de control [NR] | 00923nam a2200253Ia 4500 |
| 008 - DE LONGITUD FIJA DE DATOS DE ELEMENTOS - INFORMACIÓN GENERAL | |
| Elementos de longitud fija [NR] | 130821s1964 ag gr spa |
| 040 ## - FUENTE DE CATALOGACION [NR] | |
| Agencia de catalogación original [NR] | Co-BoUCM |
| Idioma de catalogación [NR] | spa |
| 041 00 - CODIGO DE IDIOMA [R] | |
| Código de idioma para texto/pista de sonido o título separado [R] | Español |
| 100 1# - ASIENTO PRINCIPAL--NOMBRE PERSONAL [NR] | |
| Nombre personal [NR] | Brustein, Robert |
| ID Autoridad | 161252 |
| 245 10 - MENCION DE TITULO [NR] | |
| Título [NR] | De Ibsen a Genet la rebelión en el teatro |
| Mención de responsabilidad, etc. [NR] | Robert Brustein ; traducción Jorge L. García Venturini |
| 260 ## - PUBLICACION, DISTRIBUCION, ETC. (PIE DE IMPRENTA) [R] | |
| Lugar de publicación, distribución, etc. [R] | Buenos Aires (Argentina) |
| Nombre del editor, distribuidor, etc. [R] | Editorial Troquel |
| Fecha de publicación, distribución, etc. [R] | 1964 |
| 300 ## - DESCRIPCION FISICA [R] | |
| Extensión [R] | 445 páginas |
| 500 ## - NOTA GENERAL [R] | |
| Nota general [NR] | Incluye índice. |
| 650 04 - ASIENTO SECUNDARIO DE MATERIA - TERMINO TEMATICO [R] | |
| Término temático o nombre geográfico como elemento de entrada [NR] | Actuación teatral |
| 9 (RLIN) | 8477 |
| 650 04 - ASIENTO SECUNDARIO DE MATERIA - TERMINO TEMATICO [R] | |
| Término temático o nombre geográfico como elemento de entrada [NR] | Actuación |
| 9 (RLIN) | 26443 |
| 650 04 - ASIENTO SECUNDARIO DE MATERIA - TERMINO TEMATICO [R] | |
| Término temático o nombre geográfico como elemento de entrada [NR] | Drama |
| 9 (RLIN) | 13567 |
| 650 04 - ASIENTO SECUNDARIO DE MATERIA - TERMINO TEMATICO [R] | |
| Término temático o nombre geográfico como elemento de entrada [NR] | Dramaturgos |
| 9 (RLIN) | 7539 |
| 650 04 - ASIENTO SECUNDARIO DE MATERIA - TERMINO TEMATICO [R] | |
| Término temático o nombre geográfico como elemento de entrada [NR] | Teatro |
| Subdivisión general [R] | Historia |
| Subdivisión cronológica [R] | Siglo XX |
| 9 (RLIN) | 25046 |
| 650 04 - ASIENTO SECUNDARIO DE MATERIA - TERMINO TEMATICO [R] | |
| Término temático o nombre geográfico como elemento de entrada [NR] | Teatro |
| Subdivisión general [R] | Producción y dirección |
| 9 (RLIN) | 101388 |
| 700 1# - ASIENTO SECUNDARIO - NOMBRE PERSONAL [R] | |
| Nombre personal [NR] | García Venturini, Jorge L. |
| Término de relación [R] | |
| 9 (RLIN) | 161253 |
| 765 0# - ASIENTO DE IDIOMA ORIGINAL [R] | |
| Título [NR] | The theatre of revolt an approach to the modern drama |
| 942 ## - ELEMENTOS DE ENTRADA AGREGADOS (KOHA) | |
| Tipo de ítem principal el descrito en 300a | Libro |
| Tema principal | Arte |
| Edición | 1 |
| Parte restante de la signatura top. | B912i |
| Sistema de clasificación | DEWEY |
| Clasificación | 792.54 |
| Fecha de último préstamo | Total préstamos | Signatura topográfica | Código de barras | Última vez visto | Ejemplar | Price effective from | Tipo de ítem | Nota pública (OPAC) | Perdido | Sistema de clasificación | Dañado | No prestable | Tipo de ítem específico | Suprimido | Ubicación habitual | Ubicación actual | Localización | Fecha de creación | Forma de adquisición | Costo |
|---|---|---|---|---|---|---|---|---|---|---|---|---|---|---|---|---|---|---|---|---|
| 22/11/2018 | 1 | 792.54 B912i | 100060610 | 10/12/2025 | Ej.1 | 03/02/2013 | Libro | Spot Teatro Musical | DEWEY | Libro | Sede del emprendimiento y la innovación | Sede del Emprendimiento, Innovación y Creación | 1er piso | 28/02/2004 | Donación | 24500.00 |